000 00513nam a22001817a 4500
005 20251108164917.0
008 250721s1970 xx 000 0 ara d
082 1 4 _a811.962/أحم
100 1 _aشوقي، أحمد
245 1 0 _aدول العرب و عظماء الإسلام /
264 1 _aبيروت :
_bدار الكتاب العربي،
_c1970.
300 _a109ص
650 1 7 _aالشعر العربي
650 1 7 _aالعصر الحديث
650 1 7 _aمصر
942 _2ddc
_cBK
999 _c17228
_d17228